New TOEIC Writing Coach Answer Key / Answer Key

Tallennettuna:
Bibliografiset tiedot
Päätekijä: Nguyễn Thị Thanh Hương
Aineistotyyppi: Kirja
Kieli:English
Julkaistu: Tổng Hợp TPHCM, 2011.
Aiheet:
Tagit: Lisää tagi
Ei tageja, Lisää ensimmäinen tagi!
Thư viện lưu trữ: Mạng thư viện Đại học Đà Nẵng
LEADER 01014cam a22002891a 4500
001 000035274
003 11551
005 20210327163732.0
008 151110s2011 000 eng
020 |a 9786048557126 
041 |a eng 
082 |a 420.8  |b NG-H  |2 Answer Key 
100 |a Nguyễn Thị Thanh Hương 
245 0 |a New TOEIC Writing Coach Answer Key /  |c Nguyễn Thị Thanh Hương  |n Answer Key 
260 |a Tổng Hợp TPHCM,  |c 2011. 
300 |a 65tr: 20*27.7cm. 
650 |a New TOEIC Writing Coach Answer Key 
653 |a TOEIC  |a Writing 
OWN |a LNN 
AVA |a UDN50  |b LNN  |c English  |d LNN35274-5  |e available  |t Error 5001 Not defined in file expand_doc_bib_avail.  |f 6  |g 0  |h N  |i 1  |j AN 
999 |a From the UDN01 
AVA |a UDN50  |b LNN  |c English  |d LNN35274-5  |e available  |t Error 5001 Not defined in file expand_doc_bib_avail.  |f 6  |g 0  |h N  |i 1  |j AN 
TYP |a Monograph 
TYP |a Printed language 
980 |a Mạng thư viện Đại học Đà Nẵng